| 000 | 00769nam a22002411 4500 | ||
|---|---|---|---|
| 001 | 4057719 | ||
| 003 | OSt | ||
| 005 | 20240617141155.0 | ||
| 008 | 840711s1961 njua b 000 0 eng | ||
| 010 | _a 61015333 | ||
| 020 | _a0486659429 | ||
| 040 |
_aMUST LIB _cMUST |
||
| 082 | 0 | 0 | _a515.352 COD 1961 |
| 100 | 1 |
_aCoddington, Earl A., _d1920- _96111 |
|
| 245 | 1 | 3 |
_aAn introduction to ordinary differential equations / _cEarl A. Coddington |
| 260 |
_aEnglewood Cliffs, N.J., _bPrentice-Hall, _c1961. |
||
| 300 |
_a292 p: _bill; _c24 cm. |
||
| 440 | 0 |
_aPrentice-Hall mathematics series _917134 |
|
| 504 | _aIncludes bibliographical referencea | ||
| 650 | 0 |
_aDifferential equations. _9751 |
|
| 906 |
_a7 _bcbc _corignew _du _eocip _f19 _gy-gencatlg |
||
| 942 |
_2ddc _cO_SHELF |
||
| 999 |
_c8432 _d8432 |
||